SPOTLIGHT PHYSICS: LEARNER'S BOOK, GRADE 10 (Record no. 216768)
[ view plain ]
| 000 -LEADER | |
|---|---|
| fixed length control field | 00443nam a22001457a 4500 |
| 008 - FIXED-LENGTH DATA ELEMENTS--GENERAL INFORMATION | |
| fixed length control field | 260303b |||||||| |||| 00| 0 eng d |
| 020 ## - INTERNATIONAL STANDARD BOOK NUMBER | |
| International Standard Book Number | 978-9966-57-560-9 |
| 100 ## - MAIN ENTRY--PERSONAL NAME | |
| Personal name | ONDIEKI, ISAAC |
| 245 ## - TITLE STATEMENT | |
| Title | SPOTLIGHT PHYSICS: LEARNER'S BOOK, GRADE 10 |
| 260 ## - PUBLICATION, DISTRIBUTION, ETC. | |
| Place of publication, distribution, etc. | NAIROBI |
| Name of publisher, distributor, etc. | SPOTLIGHT PUBLISHERS (EA) LIMITED |
| Date of publication, distribution, etc. | 2025 |
| 300 ## - PHYSICAL DESCRIPTION | |
| Extent | VI, 319P. |
| 650 ## - SUBJECT ADDED ENTRY | |
| Topical term or geographic name entry element | PHYSICS-TEXTBOOK-STUDY AND TEACHING (SECONDARY) |
| 942 ## - ADDED ENTRY ELEMENTS (KOHA) | |
| Source of classification or shelving scheme | Library of Congress Classification |
| Koha item type | Long Loan Book |
| Withdrawn status | Lost status | Source of classification or shelving scheme | Damaged status | Not for loan | Collection | Home library | Current library | Date acquired | Inventory number | Total checkouts | Full call number | Barcode | Date last seen | Copy number | Price effective from | Koha item type |
|---|---|---|---|---|---|---|---|---|---|---|---|---|---|---|---|---|
| Library of Congress Classification | Science & Technology | Kisii University Library | Kisii University Library | 03/03/2026 | 112317 | QC 21.2 .O53 2025 V.10 | A000249 | 03/03/2026 | 1 | 03/03/2026 | Long Loan Book | |||||
| Library of Congress Classification | Science & Technology | Kisii University Library | Kisii University Library | 03/03/2026 | 112318 | QC 21.2 .O53 2025 V.10 | A000252 | 03/03/2026 | 2 | 03/03/2026 | Long Loan Book | |||||
| Library of Congress Classification | Science & Technology | Kisii University Library | Kisii University Library | 03/03/2026 | 112319 | QC 21.2 .O53 2025 V.10 | A000251 | 03/03/2026 | 3 | 03/03/2026 | Long Loan Book | |||||
| Library of Congress Classification | Science & Technology | Kisii University Library | Kisii University Library | 03/03/2026 | 112320 | QC 21.2 .O53 2025 V.10 | A000254 | 03/03/2026 | 4 | 03/03/2026 | Long Loan Book | |||||
| Library of Congress Classification | Science & Technology | Kisii University Library | Kisii University Library | 03/03/2026 | 112321 | QC 21.2 .O53 2025 V.10 | A000253 | 03/03/2026 | 5 | 03/03/2026 | Long Loan Book |